000 00800nam a22002177a 4500
005 20170605103050.0
010 _a1516EN07
020 _a9788126521838
_c629.00
035 _aB-669693
037 _bABC
082 _a510
100 _aMurti, GSN
245 _aMathematics for JEE (main & advanced volume 2:
_cby GSN Murti [and] U M Swamy
_btrigonometry, vector algebra and probability /
260 _aNew Delhi
_bWilley
_c2016
270 _a4435-36/7, Ansari Road, Darya Ganj,
_bNew Delhi
_e110002
300 _avarious pagings
_c27cm(pbk)
500 _aIncludes index
700 _aSwamy, U.M.
942 _2ddc
_cEN
_mSAR
_h510
999 _c140727
_d140727